La isla al revés: Haití y el destino dominicano / Joaquín Balaguer (Registro nro. 6424)

Detalles MARC
000 -LEADER
fixed length control field 00510nam a22001931a 4500
001 - CONTROL NUMBER
control field 6424
003 - CONTROL NUMBER IDENTIFIER
control field OSt
005 - DATE AND TIME OF LATEST TRANSACTION
control field 20260204212050.0
008 - FIXED-LENGTH DATA ELEMENTS--GENERAL INFORMATION
fixed length control field 060411s2002||||dr ||||||b||||||||||spa||
050 ## - LIBRARY OF CONGRESS CALL NUMBER
Classification number RD 306.09 B181i
100 ## - ASIENTO PRINCIPAL -- NOMBRE PERSONAL
Personal name Balaguer, Joaquín
245 ## - TÍTULO PROPIAMENTE DICHO: SUBTÍTULO
Title La isla al revés: Haití y el destino dominicano / Joaquín Balaguer
250 ## - MENCIÓN DE EDICIÓN
Edition statement 11
264 ## - PRODUCTION, PUBLICATION, DISTRIBUTION, MANUFACTURE, AND COPYRIGHT NOTICE
Place of production, publication, distribution, manufacture Santo Domingo : Corripio
300 ## - PHYSICAL DESCRIPTION
Extensión 257 p
500 ## - GENERAL NOTE
General note Incluye indice y bibliografía
650 ## - ASIENTO SECUNDARIO DE MATERIA -- TERMINO TEMÁTICO
Termino Temático Como Elemento de Entrada 1.Historia SocialÌ
942 ## - ADDED ENTRY ELEMENTS (KOHA)
Source of classification or shelving scheme Dewey Decimal Classification
Koha item type Libros
Existencias
Withdrawn status Lost status Source of classification or shelving scheme Damaged status Not for loan Current library Date acquired Total Checkouts Full call number Barcode Date last seen Price effective from Koha item type
    Dewey Decimal Classification     Biblioteca UTECO 09/09/2019   RD 306.09 B181I 011334 09/09/2019 09/09/2019 Libros
© 2021 Derechos Reservados UTECO - Teléfono: +1 809-585-2291 - Correo electrónico: biblioteca@uteco.edu.do​  
Código postal 43000 ​​
Dirección: Avenida Universitaria No. 100, 
Cotuí, Provincia Sánchez Ramírez, República Dominicana - RNC: 404-00059-6